Subdivision capitals closest to Vraca (BG) - Statistics

General Stats
  • This quiz has been taken 6 times
  • The average score is 11 of 20
Answer Stats
Distance (km) Answer % Correct
13 135 Niš
100%
2 59 Sofija
100%
14 136 Blagoevgrad
50%
17 152 Bor
50%
9 126 Craiova
50%
8 124 Kjustendil
50%
12 132 Leskovac
50%
6 94 Loveč
50%
1 35 Montana
50%
11 129 Pazardžik
50%
4 79 Pernik
50%
3 78 Pirot
50%
5 90 Pleven
50%
19 153 Plovdiv
50%
20 159 Prokuplje
50%
16 151 Slatina
50%
7 103 Vidin
50%
18 153 Vranje
50%
10 129 Zaječar
50%
15 148 Gabrovo
0%
No matching quizzes found
Score Distribution
Percent of People with Each Score
Percentile by Number Answered
Your Score History
You have not taken this quiz